Responses for Show #6992 - Tuesday, January 27, 2015

Contestants

[<< previous game]

Brian Quinn, a management consultant from Boston, Massachusetts

Jennifer Hindert, a teacher from San Antonio, Texas

Christine Kim, a retired homemaker from Greenwich, Connecticut (whose 1-day cash winnings total $27,401)

[next game >>]

Jeopardy! Round responses

ABBR-"E"-VIATIONS
THE CITY OF...
RENTING
DISNEY'S 7 DWARFS
DISCOVERIES IN THE SCIENCES
(Alex: Each response will be a word that can be found in the particular science we refer to.)
THE TITAN MISSILE
(Jimmy: Perhaps the mightiest weapon of the Cold War. We're fortunate it was never used.)
    $200 7
the Equal Rights Amendment

Christine
    $200 24
Los Angeles

Jennifer
    $200 25
eviction

Christine
    $200 2
Bashful

Christine
    $200 16
mat (in dermatology)

Brian
    $200 26
(Brian: What is an atomic bomb?)

megatons

Brian
Triple Stumper
    $400 8
an emergency medical technician

Christine
    $400 21
(Brian: What is Philadelphia?)

Chicago

Brian
Triple Stumper
    $400 6
a (security) deposit

Jennifer
    $400 1
Sneezy

Christine
    $400 14
pet (in herpetology)

Brian
    $400 27
a silo

Brian
    $600 9
electronic dance music

Brian
    $600 18
Rome

Brian
    $600 10
HUD

Brian
    $600 3
Doc

Jennifer
    $600 13
hem (in chemistry)

Triple Stumper
    $600 28
(Alex: Yes, with less than a minute now.)

Moscow

Christine
    $800 11
Epstein-Barr

Christine
    $1,500 19
Barcelona

Brian
    $800 22
senior citizens

Brian
    $800 4
Grumpy

Jennifer
    $800 15
atom (in anatomy)

Christine
    $800 29
mutually assured destruction

Brian
    $1000 12
the American Expeditionary Force

Brian
    $1000 20
St. Petersburg

Triple Stumper
    $1000 23
uninhabitable

Brian
    $1000 5
Happy

Christine
    $1000 17
tic (in statistics)

Triple Stumper
    $1000 30
Reagan

Brian

Scores at the first commercial break (after clue 15):

Christine Jennifer Brian
$3,800 $1,800 $2,600

Scores at the end of the Jeopardy! Round:

Christine Jennifer Brian
$4,600 $2,000 $8,300

Double Jeopardy! Round responses

TASTY SONGS
ISLAND FACTS
FOR RICHARD
THE NEW YORK TIMES BEST SELLERS LISTS
COLLECTIBLES
GREAT BALLS OF "IRE"
    $400 16
"Margaritaville"

Brian
    $400 3
Ontario

Christine
    $400 18
crossbones

Brian
    $400 20
Paris

Brian
    $400 1
attire

Brian
    $800 14
honey

Triple Stumper
    $800 2
Cuba

Christine
    $800 9
Nuremberg

Brian
    $800 19
the Harry Potter series

Christine
    $800 24
(Alex: Yes, with less than a minute now.)

typewriters

Jennifer
    $800 13
expire

Brian
    $1200 17
Truffle

Triple Stumper
    $1200 4
Kiribati

Triple Stumper
    $1200 8
Sir Richard Burton

Triple Stumper
    $700 21
The Hot Zone

Brian
    $1200 25
(Christine: What is Waterford?)

Swarovski

Christine
Triple Stumper
    $1200 7
sire

Brian
    $1600 5
(Christine: What is Sumatra?)
(Brian: What is Java?)

New Guinea

ChristineBrian
Triple Stumper
    $1600 11
Cromwell

Christine
    $1600 22
(Jennifer: What is anime?)

manga

JenniferBrian
    $1600 26
Audubon

Christine
    $1600 10
a mire (or a quagmire)

Brian
    $2000 6
the Ross Shelf

Brian
    $2000 12
(Richard) Dawkins

Brian
    $2000 23
What to Expect When You're Expecting

Brian
    $7,000 27
[NOTE: The correct response name was visible in the face of the clock in the picture.]
[The end-of-round signal sounds.]

Wedgwood

Christine
    $2000 15
a shire

Jennifer

Scores at the end of the Double Jeopardy! Round:

Christine Jennifer Brian
$14,000 $3,200 $21,000

[wagering suggestions for these scores]

Final Jeopardy! Round responses

BEST ACTOR OSCARS
(Alex: [To Jennifer] Tom won two Oscars, but only one of them was for Best Picture.)
...
(Alex: [To Christine] Daniel Day-Lewis won three Oscars, but none of them in a best film.)
JenniferWho is Tom Hanks?
$3,200
ChristineWho is Daniel Day Lewis?
$0
BrianWho is DiCaprio?
$7,001
Marlon Brando or Dustin Hoffman

Final scores:

Christine Jennifer Brian
$14,000 $0 $13,999
2-day champion: $41,401 3rd place: $1,000 2nd place: $2,000

Game dynamics:

Coryat scores:

Christine Jennifer Brian
$9,000 $3,200 $20,800
15 R
(including 1 DD),
2 W
6 R,
1 W
25 R
(including 2 DDs),
3 W

Combined Coryat: $33,000

[game clues] [game scores] [suggest correction]

Game tape date: 2014-12-03
The J! Archive is created by fans, for fans. Scraping, republication, monetization, and malicious use prohibited; this site may use cookies and collect identifying information. See terms. The Jeopardy! game show and all elements thereof, including but not limited to copyright and trademark thereto, are the property of Jeopardy Productions, Inc. and are protected under law. This website is not affiliated with, sponsored by, or operated by Jeopardy Productions, Inc. Join the discussion at JBoard.tv.